Statistiques concernant Paroles - Joy - Feldman

Cliquez ici pour prendre le quiz!

Statistiques générales

  • Ce quiz a été pris 6 fois
  • Le résultat moyen est 44 sur 94

Statistiques - réponses

Paroles% Correct
Joy
100%
automne
83%
d'
83%
matin
83%
Un
83%
Amour
67%
brillent
67%
cette
67%
de
67%
De
67%
de
67%
déshabille
67%
Elle
67%
fille
67%
gentille
67%
Joy
67%
me
67%
Parfum
67%
Parfum
67%
pétille
67%
petite
67%
plus
67%
Que
67%
qui
67%
qui
67%
ses
67%
vanille
67%
vanille
67%
yeux
67%
a
50%
biberonne
50%
Comme
50%
famille
50%
Joy
50%
ma
50%
Mon
50%
pas
50%
sang
50%
saxophone
50%
tu
50%
un
50%
Y
50%
ai
33%
aime
33%
Baiser
33%
chantonnes
33%
cigogne
33%
coeur
33%
Comme
33%
Déjà
33%
Déjà
33%
donne
33%
elle
33%
Et
33%
étonnes
33%
feuilles
33%
frissonne
33%
grande
33%
J'
33%
J'
33%
j'
33%
Joy
33%
Joy
33%
Joy
33%
Joy
33%
Joy
33%
Joy
33%
Joy
33%
Joy
33%
La
33%
le
33%
Les
33%
m'
33%
me
33%
pardonne
33%
passionne
33%
personne
33%
quand
33%
qui
33%
Ta
33%
te
33%
te
33%
ton
33%
tourbillonnes
33%
Tu
33%
tu
33%
tu
33%
une
33%
une
33%
vie
33%
voix
33%
abandonnent
17%
m'
17%
tiens
17%

Distribution des résultats

Percentile par nombre de réponses

% des personnes avec chaque résultat

Votre développement - résultats

Vous n’avez pas pris ce quiz